Bankopojištění jako pohodlí pro klienta a výhoda pro banku
Bankopoistenie, ako jeden z produktov, ktorý pomáhá udržaťsi klienta. Ponuka produktov poistenia v banke má rad výhod, a to predovšetkým pre klienta. Model bankopoistenia predstavuje komplexné služby pre klienta na jednom mieste.
Gespeichert in:
| 1. Verfasser: | |
|---|---|
| Format: | Buchkapitel |
| Sprache: | Tschechisch |
| Schlagworte: | |
| Tags: |
Keine Tags, Fügen Sie das erste Tag hinzu!
|
MARC
| LEADER | 00000nla a2200000 4500 | ||
|---|---|---|---|
| 001 | 0222163 | ||
| 005 | 20240111121759.4 | ||
| 041 | 0 | |a cze | |
| 044 | |a CZ | ||
| 245 | 1 | 0 | |a Bankopojištění jako pohodlí pro klienta a výhoda pro banku |c Marek Cach |
| 520 | |a Bankopoistenie, ako jeden z produktov, ktorý pomáhá udržaťsi klienta. Ponuka produktov poistenia v banke má rad výhod, a to predovšetkým pre klienta. Model bankopoistenia predstavuje komplexné služby pre klienta na jednom mieste. | ||
| 610 | 2 | 0 | |a banky |
| 610 | 2 | 0 | |a inštitúcie finančné |
| 610 | 2 | 0 | |a bankopoisťovne |
| 610 | 2 | 0 | |a produkty bankové |
| 610 | 2 | 0 | |a portfólio |
| 610 | 2 | 0 | |a služby bankové |
| 610 | 2 | 0 | |a klienti |
| 610 | 2 | 0 | |a poistenie |
| 610 | 2 | 0 | |a modely |
| 100 | 1 | |a Cach, Marek | |